000 00693nam a2200253Ia 4500
003 OSt
005 20221007075734.0
006 a|||||r|||| 00| 0
007 ta
008 221006b |||||||| |||| 00| 0 eng d
020 _a0195669223
024 _a2,526
037 _cTextual
040 _aFLL
_cFLL
_beng
041 _2eng
_aeng
082 _aZ1, P3
100 _aBrownlie Ian Au.
_9689916
245 0 _aPrinciples of public international law
250 _a6th
260 _aNew Delhi
_bOxford University Press India
_c2003
650 _aPrinciples of public international law
_9694185
942 _hZ1, P3
_cTEXL
_2CC
999 _c1157187
_d1157187